Countries More Populous Than Their Neighbours - Sudden Death - Statistics

General Stats
  • This quiz has been taken 34 times
  • The average score is 5 of 15
Answers on the Grid
Answers color-coded by a green-red scale on the quiz's grid according to % correct below.
Algeria
Brazil
Germany
Egypt
Ethiopia
Ghana
Haiti
India
Nigeria
UK
USA
Yemen
South Africa
South Korea
Thailand
Dominican Republic
France
Saudi Arabia
Vietnam
China
Iran
Türkiye
Senegal
Kenya
Poland
Finland
Russia
Lebanon
Serbia
Nicaragua
 
Answer Stats
Answer % Correct
Brazil
56%
India
50%
UK
50%
USA
50%
Germany
38%
Nigeria
38%
South Africa
38%
South Korea
38%
Egypt
31%
Haiti
31%
Thailand
31%
Algeria
25%
Yemen
25%
Ethiopia
19%
Ghana
0%
No matching quizzes found
Score Distribution
Percent of People with Each Score
Percentile by Number Answered
Your Score History
You have not taken this quiz